书目信息 |
| 题名: |
红梨记
|
|
| 作者: | 徐复祚撰 著 | |
| 分册: | ||
| 出版信息: | 北京 中华书局 1988.1 |
|
| 页数: | 124页 | |
| 开本: | 20cm | |
| 丛书名: | ||
| 单 册: | ||
| 中图分类: | I237.2 | |
| 科图分类: | ||
| 主题词: | 戏剧文学--剧本--中国 | |
| 电子资源: | ||
| ISBN: | ||
| 000 | 00530nam0 2200193 45 | |
| 001 | 0312221749 | |
| 005 | 20031222170805.5 | |
| 010 | @dCNY2.40 | |
| 100 | @a20031222d1988 km y0chiy0120 ea | |
| 101 | @achi | |
| 105 | @a z 000yy | |
| 200 | 1 | @a红梨记@AHong Li Ji@f(明)徐复祚撰著@F(Ming)Xu Fu Zuo Zhuan Zhu |
| 210 | @a北京@c中华书局@d1988.1 | |
| 215 | @a124页@d20cm | |
| 606 | 0 | @a戏剧文学@x剧本@x中国 |
| 690 | @aI237.2@v3 | |
| 701 | 0 | @a徐复祚撰@4著 |
| 801 | @aCN@bTSTCL@c20031222 | |
| 905 | @a213230@dI237.2@e28:2@b220185-186@f2 | |
| 红梨记/(明)徐复祚撰著.-北京:中华书局,1988.1 |
| 124页;20cm |
| ISBN :CNY2.40 |
| ● |
| 相关链接 |
|
|
|
|
正题名:红梨记
索取号:I237.2/28:2
 
预约/预借
| 序号 | 登录号 | 条形码 | 馆藏地/架位号 | 状态 | 备注 |
| 1 | 0220185 | 000759520 | 第二借阅区/ [索取号:I237.2/28:2] | 在馆 | |
| 2 | 0220186 | 000759511 | 第一样本阅览室/ [索取号:I237.2/28:2] | 在馆 |